Historia Polski dla głupich - Statystyki

Ogólne statystyki
  • Ten quiz został rozwiązany 15 031 razy
  • Średni wynik to 13 z 15
Statystyki odpowiedzi
Zagadnienie Odpowiedź % Poprawnych
W którym roku Polska wstąpiła do Unii Europejskiej? 2004
98%
Co było pierwszą stolicą Polski? Gniezno
98%
Które z tych państw nie brało udziału w rozbiorach Polski? Francja
97%
Z kim stoczona została Bitwa pod Grunwaldem? Zakon Krzyżacki
97%
Który z nich był muzykiem? Fryderyk Chopin
95%
Kto był pierwszym władcą państwa Polskiego? Mieszko I
95%
W którym roku Polska odzyskała niepodległość? 1918
94%
Jak nazywało się wojsko, którego uzbrojenie miało charakterystyczne skrzydła? Husaria
90%
Kto zaatakował Polskę 1 września 1939? III Rzesza
90%
Kto "Zastał Polskę drewnianą, a zostawił murowaną"? Kazimierz Wielki
88%
Które z tych powstań miało miejsce podczas II wojny światowej? Warszawskie
85%
Z kim Polska zawarła Unię Lubelską? Z Litwą
81%
Jaka była pełna nazwa Polski od 1952 roku? Polska Rzeczpospolita Ludowa
80%
Czy Polska była kiedykolwiek państwem śródlądowym? Tak
72%
Z kim wojska polskie walczyły podczas słynnej Bitwy Warszawskiej? Z Bolszewikami
57%
Nie znaleziono quizów pasujących do podanych kryteriów
Rozkład punktacji
Procent ludzi z każdym wynikiem
Percentyl według liczby udzielonych odpowiedzi
Twoja historia wyników
Nie rozwiązałeś tego quizu